000 00431pab a2200181 454500
008 180718b2000 xxu||||| |||| 00| 0 eng d
100 _aSekar, I.
245 _aModernised rainfed tanks in South India
260 _c2000
300 _ap.444-48
362 _aOct-Dec
650 _aTanks
650 _aIrrigation - South India
650 _aIrrigation
700 _aPalanisami, K.
773 _aProductivity
909 _a48276
999 _c48276
_d48276